Islamic Finance: (Record no. 865)
[ view plain ]
| 000 -LEADER | |
|---|---|
| fixed length control field | 01361nam a22003491u 4500 |
| 001 - CONTROL NUMBER | |
| control field | 03479 |
| 003 - CONTROL NUMBER IDENTIFIER | |
| control field | HDC |
| 007 - PHYSICAL DESCRIPTION FIXED FIELD--GENERAL INFORMATION | |
| fixed length control field | cr bn --- |
| 008 - FIXED-LENGTH DATA ELEMENTS--GENERAL INFORMATION | |
| fixed length control field | p2015 xx fo d 00 g |
| 040 ## - CATALOGING SOURCE | |
| Original cataloging agency | HDC |
| 110 ## - MAIN ENTRY--CORPORATE NAME | |
| Corporate name or jurisdiction name as entry element | International Monetary Fund |
| 245 #0 - TITLE STATEMENT | |
| Title | Islamic Finance: |
| Remainder of title | Opportunities, Challenges, and Policy Options |
| Statement of responsibility, etc. | by Alfred Kammer, Mohamed Norat, Marco Piñón, Ananthakrishnan Prasad, Christopher Towe, Zeine Zeidane, and an IMF Staff Team |
| 260 ## - PUBLICATION, DISTRIBUTION, ETC. | |
| Place of publication, distribution, etc. | [No place] : |
| Name of publisher, distributor, etc. | [publisher not identified], |
| Date of publication, distribution, etc. | 2015 |
| 300 ## - PHYSICAL DESCRIPTION | |
| Extent | 38 pages : |
| Other physical details | Illustrations |
| 336 ## - CONTENT TYPE | |
| Content type term | text |
| Source | rdacontent |
| 337 ## - MEDIA TYPE | |
| Media type term | computer |
| Source | rdamedia |
| 338 ## - CARRIER TYPE | |
| Carrier type term | online resource |
| Source | rdacarrier |
| 650 ## - SUBJECT ADDED ENTRY--TOPICAL TERM | |
| Topical term or geographic name entry element | Banking |
| General subdivision | Religious aspects--Islam |
| 9 (RLIN) | 2919 |
| 650 ## - SUBJECT ADDED ENTRY--TOPICAL TERM | |
| Topical term or geographic name entry element | Financial regulations |
| 9 (RLIN) | 2920 |
| 650 ## - SUBJECT ADDED ENTRY--TOPICAL TERM | |
| Topical term or geographic name entry element | Monetary policy |
| 700 ## - ADDED ENTRY--PERSONAL NAME | |
| Personal name | Mohamed Norat |
| Relator term | author |
| 9 (RLIN) | 2922 |
| 700 ## - ADDED ENTRY--PERSONAL NAME | |
| Personal name | Zeidane, Zeine |
| Relator term | author |
| 9 (RLIN) | 2926 |
| 700 ## - ADDED ENTRY--PERSONAL NAME | |
| Personal name | Alfred Kammer |
| Relator term | author |
| 9 (RLIN) | 2921 |
| 700 ## - ADDED ENTRY--PERSONAL NAME | |
| Personal name | Ananthakrishnan Prasad |
| Relator term | author |
| 9 (RLIN) | 2924 |
| 700 ## - ADDED ENTRY--PERSONAL NAME | |
| Personal name | IMF Staff Team |
| Relator term | author |
| 9 (RLIN) | 2927 |
| 700 ## - ADDED ENTRY--PERSONAL NAME | |
| Personal name | Marco Piñón, |
| Relator term | author |
| 9 (RLIN) | 2923 |
| 700 ## - ADDED ENTRY--PERSONAL NAME | |
| Personal name | Towe, Christopher |
| Relator term | author |
| 9 (RLIN) | 2925 |
| 856 ## - ELECTRONIC LOCATION AND ACCESS | |
| Public note | Request full-text at [email protected] |
| 942 ## - ADDED ENTRY ELEMENTS (KOHA) | |
| Source of classification or shelving scheme | Library of Congress Classification |
| 942 ## - ADDED ENTRY ELEMENTS (KOHA) | |
| Koha item type | Electronic Sources |
| 942 ## - ADDED ENTRY ELEMENTS (KOHA) | |
| Call number prefix | REPT 000092 |
| Withdrawn status | Lost status | Source of classification or shelving scheme | Damaged status | Not for loan | Home library | Current library | Shelving location | Date acquired | Total checkouts | Full call number | Date last seen | Price effective from | Koha item type |
|---|---|---|---|---|---|---|---|---|---|---|---|---|---|
| Library of Congress Classification | Halal Development Corporation Library | Halal Development Corporation Library | Open Shelves | 24/05/2023 | REPT 000092 | 24/05/2023 | 24/05/2023 | Electronic Sources |
